Central Library OPAC University of Rajshahi

Ulysses. (Record no. 19578)

MARC details
000 -LEADER
fixed length control field 00990cam a2200265u 4500
001 - CONTROL NUMBER
control field 19578
003 - CONTROL NUMBER IDENTIFIER
rucl marc code BD-RjUL
005 - DATE AND TIME OF LATEST TRANSACTION
control field 20211209000442.0
008 - FIXED-LENGTH DATA ELEMENTS--GENERAL INFORMATION
fixed length control field 140225r19371954enk 000 0 eng d
035 ## - SYSTEM CONTROL NUMBER
System control number (BD-RjUL)19638
040 ## - CATALOGING SOURCE
Original cataloging agency DLC
Transcribing agency CarP
Modifying agency DLC
-- BD-RjUL
Language of cataloging eng
041 ## - LANGUAGE CODE
Language code of text/sound track or separate title eng
082 00 - DEWEY DECIMAL CLASSIFICATION NUMBER
Classification number 823
Author mark and year JOU 1954
100 1# - MAIN ENTRY--PERSONAL NAME
Personal name Joyce, James
9 (RLIN) 60151
245 00 - TITLE STATEMENT
Title Ulysses.
Statement of responsibility, etc. By James Joyce.
260 ## - PUBLICATION, DISTRIBUTION, ETC. (IMPRINT)
Place of publication, distribution, etc. London :
Name of publisher, distributor, etc. The Bodley Head,
Date of publication, distribution, etc. 1937 [Reprinted 1954]
300 ## - PHYSICAL DESCRIPTION
Pagination 665p. ;.
Size 21cm.
500 ## - GENERAL NOTE
General note Starring Milo O'Shea, Barbara Jefford, and Maurice Roeves, with supporting cast. Directed by Joseph Strick.
General note Duration: 1 hr., 38 min., 20 sec.
General note Automatic sequence.
General note "Electronically re-channelled for stereo effect."
General note Booklet, with biographical sketches of the performers, and an essay "Ullysses, by Bosley Crowther, from his book The great films" ([17] p. illus.) laid in container.
650 #0 - SUBJECT ADDED ENTRY--TOPICAL TERM
Topical term or geographic name as entry element Fiction
9 (RLIN) 60152
942 ## - ADDED ENTRY ELEMENTS (KOHA)
Source of classification or shelving scheme Dewey Decimal Classification
Koha item type Books
Holdings
Lost status Source of classification or shelving scheme Damaged status Not for loan Collection code Permanent Location Current Location Shelving location Date acquired Source of acquisition Cost, normal purchase price Total Checkouts Full call number Date last seen Copy number Koha item type
  Dewey Decimal Classification   Not For Loan Fiction Central Library, University of Rajshahi Central Library, University of Rajshahi Reading Room 04/08/1956 B. H Black well 1.00   823 JOU 1954 25/02/2014 C-1 Books